| 000 | 00623nam a22001457a 4500 | ||
|---|---|---|---|
| 008 | 150609b xxu||||| |||| 00| 0 eng d | ||
| 020 | _a9789710161850 | ||
| 050 |
_aPL 6063. _bSA181 2015 |
||
| 100 | _aSalum, Roselyn T. | ||
| 245 |
_aFilipino 1 dinisenyo batay sa kurikulum ng k-12 : _bang ibong adarna at ang tatlong principe / _cRoselyn T. Salum ; Cristiana S. Santos ; Grabriel B. Bautista Jr. ; Edited by Robinso K. Cedre .-- |
||
| 260 |
_aMalabon City _bJimczyville Publications _cc2015 |
||
| 300 |
_ai, 150 p., _b; 27 cm. _eTextbook |
||
| 700 | _aSantos, Cristiana S., Bautista, Gabriel B. Jr. | ||
| 942 |
_2lcc _cBK |
||
| 999 |
_c284811 _d284811 |
||